Statistics for Mountain Bike Brands By Model

Click here to take the quiz!

General Stats

  • This quiz has been taken 133 times
  • The average score is 6 of 9

Answer Stats

ModelBrand% Correct
TallboySanta Cruz
93%
RockhopperSpecialized
91%
SlashTrek
90%
sb150Yeti
79%
TalonGiant
63%
FirebirdPivot
58%
OperatorKona
48%
ScoutTransition
47%
Mount VisionMarin
40%

Score Distribution

Percentile by Number Answered

Percent of People with Each Score

Your Score History

You have not taken this quiz